[Event "Lisbon Check Mate op 3rd"]
[Site "Lisbon"]
[Date "2015.08.14"]
[Round "7"]
[White "Viela, Andre Filipe Folha"]
[Black "Negrao, Alberto Rodolfo AS"]
[Result "1-0"]
[WhiteElo "2186"]
[BlackElo "1927"]
[PlyCount "111"]
[EventDate "2015.08.08"]
[EventType "swiss"]
[EventRounds "7"]
[EventCountry "POR"]
[SourceTitle "EXT 2017"]
[Source "ChessBase"]
[SourceDate "2016.10.25"]
[SourceVersion "1"]
[SourceVersionDate "2016.10.25"]
[SourceQuality "1"]

1. c4 Nf6 2. Nc3 d6 3. g3 g6 4. Bg2 Bg7 5. e4 c5 6. Nge2 Nc6 7. 0-0 0-0 8. d3 a6 9. h3 e6 10. Be3 Qc7 11. Rc1 b6 12. d4 cxd4 13. Nxd4 Bb7 14. Nd5 Qd8 15. Nxc6 Bxc6 16. Bxb6 Qd7 17. Nxf6+ Bxf6 18. Bd4 e5 19. Be3 Rfd8 20. Qd2 Qb7 21. f3 Rab8 22. b3 Qb4 23. Qxb4 Rxb4 24. Rfd1 Rbb8 25. Bf1 a5 26. Bd2 Ra8 27. Bc3 Bg5 28. Rc2 Be3+ 29. Kg2 Bc5 30. Bd3 f6 31. Be1 Kf7 32. Re2 Ke7 33. Bc2 Rdb8 34. Bf2 Bb4 35. h4 Rb7 36. g4 h6 37. Be3 Rh8 38. Kg3 Rbb8 39. Rh2 Ke6 40. f4 a4 41. Rf1 axb3 42. axb3 h5 43. Rhf2 exf4+ 44. Bxf4 hxg4 45. Be3 Bc3 46. Kxg4 Rb7 47. Bf4 Bxe4 48. Bxe4 f5+ 49. Kf3 fxe4+ 50. Kxe4 Rxh4 51. Rg2 Rxb3 52. Rxg6+ Kd7 53. Rxd6+ Ke7 54. Rd3 Ra3 55. Rff3 Rxf4+ 56. Kxf4 1-0

[Event "Lisbon Odisseias rapid op 1st"]
[Site "Lisbon"]
[Date "2015.08.12"]
[Round "7"]
[White "Viela, Andre Filipe Folha"]
[Black "Garcia Dorado, Alberto"]
[Result "1/2-1/2"]
[WhiteElo "2130"]
[BlackElo "2088"]
[PlyCount "109"]
[EventDate "2015.08.13"]
[EventType "swiss (rapid)"]
[EventRounds "7"]
[EventCountry "POR"]
[SourceTitle "EXT 2018"]
[Source "ChessBase"]
[SourceDate "2017.10.13"]
[SourceVersion "1"]
[SourceVersionDate "2017.10.13"]
[SourceQuality "1"]

1. c4 c6 2. Nf3 d5 3. g3 e6 4. cxd5 exd5 5. Bg2 Nf6 6. b3 Bd6 7. Bb2 0-0 8. 0-0 Nbd7 9. d3 Re8 10. Nbd2 Ne5 11. Nxe5 Bxe5 12. Bxe5 Rxe5 13. Nf3 Re8 14. b4 Qe7 15. b5 Qxe2 16. Qxe2 Rxe2 17. bxc6 bxc6 18. Rfc1 Bd7 19. Nd4 Rd2 20. Nxc6 Bxc6 21. Rxc6 Rxd3 22. Rac1 h6 23. Ra6 Ne4 24. Bxe4 dxe4 25. Rc7 Rd1+ 26. Kg2 Rd2 27. Re7 Rd4 28. h4 Kf8 29. Raxa7 Rxa7 30. Rxa7 Rd2 31. Ra8+ Ke7 32. Ra4 f5 33. g4 e3 34. gxf5 Rxf2+ 35. Kg3 Kf6 36. Re4 Rxa2 37. Rxe3 Kxf5 38. Rb3 Ra5 39. Rc3 Rd5 40. Ra3 Kg6 41. Rb3 Kh5 42. Ra3 Rd4 43. Ra5+ g5 44. hxg5 hxg5 45. Ra3 Rg4+ 46. Kh3 Rg1 47. Kh2 Rb1 48. Kg3 Rb4 49. Rc3 Rh4 50. Ra3 Rg4+ 51. Kh3 Rb4 52. Kg3 Rb5 53. Rc3 g4 54. Ra3 Kg5 55. Rc3 1/2-1/2

[Event "Lisbon Check Mate op 3rd"]
[Site "Lisbon"]
[Date "2015.08.10"]
[Round "4"]
[White "Fidalgo, Andre Neves"]
[Black "Viela, Andre Filipe Folha"]
[Result "1/2-1/2"]
[WhiteElo "2058"]
[BlackElo "2186"]
[PlyCount "56"]
[EventDate "2015.08.08"]
[EventType "swiss"]
[EventRounds "7"]
[EventCountry "POR"]
[SourceTitle "EXT 2017"]
[Source "ChessBase"]
[SourceDate "2016.10.25"]
[SourceVersion "1"]
[SourceVersionDate "2016.10.25"]
[SourceQuality "1"]

1. e4 e5 2. Nf3 Nc6 3. Bc4 Bc5 4. c3 Nf6 5. d4 exd4 6. e5 d5 7. Bb5 Ne4 8. cxd4 Bb6 9. Nc3 0-0 10. 0-0 Bg4 11. Bxc6 bxc6 12. Be3 f6 13. Ne2 Bxf3 14. gxf3 Ng5 15. Bxg5 fxg5 16. Rc1 Rxf3 17. Rxc6 Qd7 18. Rc3 Raf8 19. Ng3 R3f4 20. Ne2 Rh4 21. Rg3 h6 22. Qd2 Qf5 23. Qd3 Qxd3 24. Rxd3 Re4 25. Re3 Rg4+ 26. Rg3 Re4 27. Re3 Rg4+ 28. Rg3 Re4 1/2-1/2

[Event "Lisbon Check Mate op 3rd"]
[Site "Lisbon"]
[Date "2015.08.08"]
[Round "2"]
[White "Garcia, Antonio Manuel Cost"]
[Black "Viela, Andre Filipe Folha"]
[Result "0-1"]
[WhiteElo "1957"]
[BlackElo "2186"]
[PlyCount "62"]
[EventDate "2015.08.08"]
[EventType "swiss"]
[EventRounds "7"]
[EventCountry "POR"]
[SourceTitle "EXT 2017"]
[Source "ChessBase"]
[SourceDate "2016.10.25"]
[SourceVersion "1"]
[SourceVersionDate "2016.10.25"]
[SourceQuality "1"]

1. d4 Nf6 2. c4 g6 3. Nc3 d5 4. e3 Bg7 5. Nf3 0-0 6. Bd3 c5 7. cxd5 cxd4 8. Nxd4 Nxd5 9. Nde2 Nb4 10. Be4 Qxd1+ 11. Nxd1 Nd7 12. a3 Nc5 13. axb4 Nxe4 14. f3 Nd6 15. e4 f5 16. Bg5 Rf7 17. exf5 Bxf5 18. Be3 a6 19. Nd4 Nc4 20. Nxf5 gxf5 21. Bc1 Bd4 22. b5 e5 23. bxa6 Rxa6 24. Rb1 Rb6 25. b3 Na5 26. b4 Nc4 27. Ke2 Rc7 28. Nf2 Ra6 29. Nd3 Ra2+ 30. Kf1 e4 31. Bf4 exd3 0-1

[Event "Lisbon Check Mate op 3rd"]
[Site "Lisbon"]
[Date "2015.08.08"]
[Round "1"]
[White "Viela, Andre Filipe Folha"]
[Black "Costa, Joao Luis Silva MY"]
[Result "1-0"]
[WhiteElo "2186"]
[BlackElo "1782"]
[PlyCount "129"]
[EventDate "2015.08.08"]
[EventType "swiss"]
[EventRounds "7"]
[EventCountry "POR"]
[SourceTitle "EXT 2017"]
[Source "ChessBase"]
[SourceDate "2016.10.25"]
[SourceVersion "1"]
[SourceVersionDate "2016.10.25"]
[SourceQuality "1"]

1. c4 e5 2. Nc3 f5 3. g3 Nc6 4. Bg2 Nf6 5. d3 Bb4 6. a3 Bxc3+ 7. bxc3 0-0 8. Nf3 Qe8 9. 0-0 Qh5 10. Nd2 d6 11. e4 Qxd1 12. Rxd1 fxe4 13. Nxe4 Nxe4 14. Bxe4 Bg4 15. Re1 Bf3 16. Bd5+ Bxd5 17. cxd5 Ne7 18. c4 Rf7 19. a4 a5 20. Be3 Nf5 21. Rab1 Nxe3 22. Rxe3 b6 23. Rb2 Raf8 24. Kf1 g5 25. h3 h5 26. Ke1 Kg7 27. Rd2 Kg6 28. Kf1 Rf6 29. Kg2 g4 30. hxg4 hxg4 31. Re4 Kg5 32. Re1 R8f7 33. Rh1 Rf3 34. Rh8 Kg6 35. Rh4 Kg5 36. Kg1 R3f6 37. Kf1 Rf3 38. Ke1 Rf8 39. Rh7 R8f7 40. Rxf7 Rxf7 41. Ke2 Rf3 42. Rd1 Rf6 43. Rh1 Rf7 44. Rh4 Re7 45. Rh8 Rf7 46. Rg8+ Kf5 47. Ke3 Rh7 48. Rf8+ Kg6 49. Ke4 Kg7 50. Rc8 Kg6 51. Rg8+ Kh5 52. f3 gxf3 53. g4+ Kh4 54. Kxf3 Rf7+ 55. Ke3 Kg3 56. g5 Rf3+ 57. Kd2 Rf2+ 58. Kc3 Kh2 59. Rg7 Ra2 60. g6 Rg2 61. Rxc7 Rxg6 62. Rc6 Rg3 63. Rxd6 e4 64. Kd4 exd3 65. Kc3 1-0

[Event "Famalicao op 3rd"]
[Site "Famalicao"]
[Date "2015.08.04"]
[Round "4"]
[White "Branco, Joao Carlos Fernand"]
[Black "Viela, Andre Filipe Folha"]
[Result "0-1"]
[WhiteElo "1576"]
[BlackElo "2186"]
[PlyCount "34"]
[EventDate "2015.08.02"]
[EventType "swiss"]
[EventRounds "7"]
[EventCountry "POR"]
[SourceTitle "CBM 167 Extra"]
[Source "ChessBase"]
[SourceDate "2015.09.14"]
[SourceVersion "1"]
[SourceVersionDate "2015.09.14"]
[SourceQuality "1"]

1. d4 Nf6 2. c4 c5 3. d5 e6 4. Nc3 exd5 5. cxd5 Bd6 6. e4 0-0 7. f4 Nxe4 8. Nxe4 Re8 9. Bd3 f5 10. Ne2 fxe4 11. Bc2 Qh4+ 12. Ng3 c4 13. Qe2 Bb4+ 14. Bd2 Bxd2+ 15. Qxd2 d6 16. Qe3 Nd7 17. 0-0 Nf6 0-1

[Event "Gaia Profigaia op 8th"]
[Site "Vila Nova de Gaia"]
[Date "2015.06.30"]
[Round "6"]
[White "Viela, Andre Filipe Folha"]
[Black "Soares, Joao Diogo Pedreiro"]
[Result "1-0"]
[WhiteElo "2188"]
[BlackElo "1700"]
[PlyCount "111"]
[EventDate "2015.06.27"]
[EventType "swiss"]
[EventRounds "9"]
[EventCountry "POR"]
[SourceTitle "EXT 2018"]
[Source "ChessBase"]
[SourceDate "2017.10.13"]
[SourceVersion "1"]
[SourceVersionDate "2017.10.13"]
[SourceQuality "1"]

1. d4 Nf6 2. Nf3 e6 3. c4 Be7 4. Nc3 d5 5. Bf4 a6 6. e3 0-0 7. Qc2 c6 8. h3 Nbd7 9. g4 Re8 10. 0-0-0 dxc4 11. Bxc4 b5 12. Bd3 Nf8 13. e4 Bb7 14. e5 Nd5 15. Nxd5 cxd5 16. Kb1 Qb6 17. Ng5 g6 18. Nf3 b4 19. Rc1 Rec8 20. Qd2 a5 21. Bg5 Bxg5 22. Qxg5 Rxc1+ 23. Rxc1 Ba6 24. Qd2 Rc8 25. Rxc8 Bxc8 26. Qe2 Qc7 27. h4 Nd7 28. Qc2 Qxc2+ 29. Kxc2 Nb6 30. Bb5 Kf8 31. Nd2 Bd7 32. Bxd7 Nxd7 33. Nb3 a4 34. Na5 Nb8 35. a3 b3+ 36. Kc3 Na6 37. Nb7 Ke7 38. Nd6 f6 39. Nc8+ Kf7 40. f4 g5 41. hxg5 fxg5 42. Nd6+ Ke7 43. fxg5 Nb8 44. Nc8+ Kf7 45. Nb6 Kg6 46. Nxa4 Kxg5 47. Nc5 Kxg4 48. Nxe6 Nc6 49. Nc7 Ne7 50. Ne8 Kf4 51. Nf6 h6 52. Kxb3 Nf5 53. Kc3 Ke3 54. Nxd5+ Ke4 55. Nf6+ Kf4 56. b4 1-0

[Event "Gaia Profigaia op 8th"]
[Site "Vila Nova de Gaia"]
[Date "2015.06.29"]
[Round "5"]
[White "Pinto, Diogo Costa"]
[Black "Viela, Andre Filipe Folha"]
[Result "0-1"]
[WhiteElo "1334"]
[BlackElo "2188"]
[PlyCount "158"]
[EventDate "2015.06.27"]
[EventType "swiss"]
[EventRounds "9"]
[EventCountry "POR"]
[SourceTitle "EXT 2018"]
[Source "ChessBase"]
[SourceDate "2017.10.13"]
[SourceVersion "1"]
[SourceVersionDate "2017.10.13"]
[SourceQuality "1"]

1. e4 c5 2. Nf3 Nc6 3. d4 cxd4 4. Nxd4 g6 5. Nc3 Bg7 6. Be3 Nf6 7. Bc4 Ne5 8. Be2 d6 9. h3 0-0 10. 0-0 d5 11. f4 Nc4 12. Bxc4 dxc4 13. b3 Qa5 14. Qe1 Rd8 15. e5 Nd5 16. Nxd5 Qxd5 17. Qf2 b6 18. Qf3 Bb7 19. Rad1 Qxf3 20. Nxf3 Bxf3 21. Rxd8+ Rxd8 22. Rxf3 cxb3 23. axb3 f6 24. exf6 Bxf6 25. Bf2 Rd1+ 26. Kh2 Rd2 27. c4 Rc2 28. Kg3 Kf7 29. Rd3 Ke6 30. Kf3 g5 31. Bg3 h5 32. fxg5 Bxg5 33. Bb8 a6 34. Ba7 b5 35. cxb5 axb5 36. b4 h4 37. Bc5 Kf5 38. Bb6 e5 39. Rd5 Bf4 40. Rxb5 Rb2 41. Bd8 Bg3 42. Ba5 Rf2+ 43. Ke3 Rxg2 44. Rb8 Bf4+ 45. Kf3 Rg3+ 46. Kf2 Ra3 47. Bc7 Ra2+ 48. Kf1 Ke4 49. b5 Be3 50. Bb6 Ra1+ 51. Ke2 Ra2+ 52. Kf1 Rf2+ 53. Ke1 Bxb6 54. Rxb6 Rf3 55. Rc6 Rb3 56. b6 Rxh3 57. b7 Rb3 58. Rc7 h3 59. Rh7 Rb1+ 60. Kf2 h2 61. Kg2 Rb2+ 62. Kh1 Kd4 63. Rd7+ Ke3 64. Rh7 e4 65. Rxh2 Rxb7 66. Rh3+ Kf2 67. Rh2+ Kg3 68. Rg2+ Kf3 69. Rg8 Kf2 70. Rf8+ Ke2 71. Kg2 Rg7+ 72. Kh1 e3 73. Re8 Kf2 74. Rf8+ Ke1 75. Re8 e2 76. Kh2 Rd7 77. Kg2 Kd2 78. Kf2 Rf7+ 79. Kg3 e1Q+ 0-1

[Event "Gaia Profigaia op 8th"]
[Site "Vila Nova de Gaia"]
[Date "2015.06.28"]
[Round "3"]
[White "Encarnacao, Filipe Alexandre D"]
[Black "Viela, Andre Filipe Folha"]
[Result "0-1"]
[WhiteElo "1325"]
[BlackElo "2188"]
[PlyCount "78"]
[EventDate "2015.06.27"]
[EventType "swiss"]
[EventRounds "9"]
[EventCountry "POR"]
[SourceTitle "EXT 2018"]
[Source "ChessBase"]
[SourceDate "2017.10.13"]
[SourceVersion "1"]
[SourceVersionDate "2017.10.13"]
[SourceQuality "1"]

1. e4 g6 2. f4 Bg7 3. Nf3 d6 4. d3 b5 5. Be2 Bb7 6. Nbd2 Nd7 7. c4 bxc4 8. d4 Nb6 9. e5 d5 10. Nf1 e6 11. Ng3 Nh6 12. 0-0 Bf8 13. Bd2 c5 14. Kh1 Qd7 15. Rc1 Rc8 16. b3 cxb3 17. Qxb3 c4 18. Qb2 Qa4 19. Bd1 Qa3 20. Qc2 Bc6 21. Ne2 Be7 22. Nc3 Nf5 23. g4 Ng7 24. Rb1 h5 25. g5 Nf5 26. Qb2 Qxb2 27. Rxb2 Kd7 28. Kg2 Rb8 29. Be2 Na4 30. Nxa4 Bxa4 31. Rfb1 Rxb2 32. Rxb2 Bc6 33. Kh3 Rc8 34. Nh4 Nxd4 35. Bd1 Bc5 36. Bc3 Nb5 37. Bb4 c3 38. Rb1 Bxb4 39. Rxb4 Na3 0-1

[Event "Portuguese Masters"]
[Site "Matosinhos"]
[Date "2015.06.10"]
[Round "5"]
[White "Viela, Andre Filipe Folha"]
[Black "Sousa, Andre Ventura"]
[Result "0-1"]
[WhiteElo "2188"]
[BlackElo "2179"]
[PlyCount "96"]
[EventDate "2015.06.07"]
[EventType "tourn"]
[EventRounds "9"]
[EventCountry "POR"]
[SourceTitle "CBM 166 Extra"]
[Source "ChessBase"]
[SourceDate "2015.06.18"]
[SourceVersion "1"]
[SourceVersionDate "2015.06.18"]
[SourceQuality "1"]

1. d4 g6 2. Nf3 Nf6 3. c4 Bg7 4. Nc3 0-0 5. e4 d6 6. Be2 e5 7. 0-0 Nc6 8. d5 Ne7 9. Ne1 Nd7 10. f3 f5 11. g4 Kh8 12. Nd3 Ng8 13. Be3 Bh6 14. Bf2 b6 15. b4 a5 16. a3 Ndf6 17. h3 axb4 18. axb4 Rxa1 19. Qxa1 fxe4 20. fxe4 Bd2 21. Nb1 Bg5 22. Nxe5 dxe5 23. Qxe5 Bh6 24. g5 Re8 25. Qc3 Bxg5 26. e5 Ne4 27. Qd4 Nxf2 28. Rxf2 Bf5 29. Nd2 Bxd2 30. e6+ Nf6 31. Qxd2 Ne4 32. Qb2+ Kg8 33. Rf3 Ng5 34. Rxf5 gxf5 35. Bh5 Re7 36. Kf1 Rg7 37. Qe5 Qd6 38. Qxf5 Qf8 39. Bg4 Qxf5+ 40. Bxf5 Kf8 41. Kf2 Ke7 42. h4 Nf7 43. c5 Nh6 44. Bh3 Ng4+ 45. Kf3 Nf6 46. d6+ cxd6 47. cxd6+ Kf8 48. Kf4 Nd5+ 0-1

[Event "Portuguese Masters"]
[Site "Matosinhos"]
[Date "2015.06.08"]
[Round "3"]
[White "Viela, Andre Filipe Folha"]
[Black "Padeiro, Jose Joao Tato"]
[Result "1-0"]
[WhiteElo "2188"]
[BlackElo "2317"]
[PlyCount "109"]
[EventDate "2015.06.07"]
[EventType "tourn"]
[EventRounds "9"]
[EventCountry "POR"]
[SourceTitle "CBM 166 Extra"]
[Source "ChessBase"]
[SourceDate "2015.06.18"]
[SourceVersion "1"]
[SourceVersionDate "2015.06.18"]
[SourceQuality "1"]

1. d4 Nf6 2. Nf3 e6 3. c4 Bb4+ 4. Bd2 Qe7 5. a3 Bxd2+ 6. Nbxd2 d6 7. Qc2 e5 8. e3 0-0 9. Bd3 Re8 10. dxe5 dxe5 11. Ng5 h6 12. Nge4 Nbd7 13. b4 Nf8 14. Rb1 Nxe4 15. Bxe4 Ne6 16. h4 a5 17. c5 axb4 18. axb4 Nd8 19. f3 Be6 20. Nc4 f6 21. g4 Rf8 22. Kf2 c6 23. Bf5 Nf7 24. Rhd1 Bxf5 25. gxf5 e4 26. Qxe4 Ra2+ 27. Kg3 Qc7+ 28. Nd6 Kh7 29. f4 Re2 30. Kf3 Rh2 31. Kg3 Re2 32. Qd3 Ra2 33. Qc4 Ra3 34. Rb3 Rxb3 35. Qxb3 h5 36. Qe6 Nd8 37. Qe4 Nf7 38. Nxf7 Rxf7 39. Qd4 Re7 40. Kf3 Qc8 41. e4 Qg8 42. e5 Qb3+ 43. Rd3 Qc2 44. Rd2 Qxf5 45. Qe4 Rxe5 46. Qxf5+ Rxf5 47. Rd7 Kg6 48. Ke4 Rd5 49. Rxd5 cxd5+ 50. Kxd5 Kf7 51. f5 Ke7 52. b5 Kd7 53. c6+ bxc6+ 54. bxc6+ Kc7 55. Kc5 1-0

[Event "Porto Axis op"]
[Site "Porto"]
[Date "2014.03.13"]
[Round "3"]
[White "Pintor, Simao Maciel Abranc"]
[Black "Viela, Andre Filipe Folha"]
[Result "0-1"]
[WhiteElo "1957"]
[BlackElo "2194"]
[PlyCount "50"]
[EventDate "2014.03.11"]
[EventType "swiss"]
[EventRounds "7"]
[EventCountry "POR"]
[SourceTitle "EXT 2015"]
[Source "ChessBase"]
[SourceDate "2014.11.20"]
[SourceVersion "1"]
[SourceVersionDate "2014.11.20"]
[SourceQuality "1"]

1. e4 d6 2. Nc3 e5 3. Nf3 Nf6 4. d4 exd4 5. Nxd4 Be7 6. Bf4 0-0 7. Qd2 Nc6 8. 0-0-0 Be6 9. Nxe6 fxe6 10. Bc4 Qc8 11. f3 Na5 12. Be2 Nd7 13. Be3 Nb6 14. Nd5 exd5 15. Qxa5 dxe4 16. fxe4 Qe6 17. Bd4 Bf6 18. c3 Bxd4 19. Rxd4 Rf2 20. Bf3 c5 21. Rdd1 Rxb2 22. Kxb2 Nc4+ 23. Kb1 Nxa5 24. Rd5 Nc4 25. Rhd1 Qe8 0-1

[Event "POR Lentas final"]
[Site "Guimaraes"]
[Date "2013.12.28"]
[Round "2.2"]
[White "Viela, Andre Filipe Folha"]
[Black "Silva, Luis Neves Da"]
[Result "1/2-1/2"]
[WhiteElo "2205"]
[BlackElo "2229"]
[PlyCount "104"]
[EventDate "2013.12.27"]
[EventType "tourn"]
[EventRounds "5"]
[EventCountry "POR"]
[SourceTitle "EXT 2015"]
[Source "ChessBase"]
[SourceDate "2014.11.20"]
[SourceVersion "1"]
[SourceVersionDate "2014.11.20"]
[SourceQuality "1"]

1. d4 Nf6 2. Bg5 e6 3. e4 h6 4. Bxf6 Qxf6 5. c3 d6 6. Bd3 Nd7 7. Ne2 g6 8. 0-0 Bg7 9. f4 0-0 10. Nd2 Qe7 11. e5 a6 12. a4 b6 13. Nf3 Bb7 14. Ng3 dxe5 15. dxe5 Rfd8 16. Qe2 Nc5 17. Bc2 a5 18. Rfd1 Rxd1+ 19. Rxd1 Rd8 20. Nd4 Qh4 21. Qe3 h5 22. Rf1 Bh6 23. Ne4 Qe7 24. h3 Nxe4 25. Bxe4 Bxe4 26. Qxe4 Qc5 27. Rf3 Qd5 28. Qxd5 Rxd5 29. Nb5 Rd1+ 30. Kh2 Rd7 31. Kg3 Kf8 32. b3 Ke8 33. Kf2 Rd2+ 34. Ke3 Rxg2 35. Nxc7+ Kd7 36. Nb5 Bf8 37. Kd3 h4 38. Ke4 Bc5 39. Rd3+ Ke7 40. Nd4 Kf8 41. Kf3 Rg3+ 42. Ke4 Rg1 43. Nf3 Rb1 44. Nd2 Rb2 45. Kf3 Ke8 46. Ne4 Be7 47. Nd2 g5 48. Kg4 gxf4 49. Kxf4 f5 50. exf6 Bxf6 51. Ne4 Ke7 52. c4 Rh2 1/2-1/2

[Event "St Joao da Madeira op 10th"]
[Site "Sao Joao da Madeira"]
[Date "2013.10.12"]
[Round "6.7"]
[White "Sousa, Andre Ventura"]
[Black "Viela, Andre Filipe Folha"]
[Result "0-1"]
[WhiteElo "2008"]
[BlackElo "2199"]
[PlyCount "92"]
[EventDate "2013.10.05"]
[EventType "swiss"]
[EventRounds "7"]
[EventCountry "POR"]
[SourceTitle "EXT 2015"]
[Source "ChessBase"]
[SourceDate "2014.11.20"]
[SourceVersion "1"]
[SourceVersionDate "2014.11.20"]
[SourceQuality "1"]

1. e4 g6 2. d4 Bg7 3. Nf3 c5 4. Nc3 cxd4 5. Nxd4 Nc6 6. Be3 Nf6 7. Bc4 0-0 8. Bb3 a5 9. f3 d6 10. a4 Nxd4 11. Bxd4 Be6 12. Bxe6 fxe6 13. Qd2 Nd7 14. Bxg7 Kxg7 15. h4 h6 16. 0-0-0 Qb6 17. Ne2 Qb4 18. Qxb4 axb4 19. b3 e5 20. Kb2 Nc5 21. c3 bxc3+ 22. Nxc3 Rac8 23. Rd2 Rc6 24. Nd5 Kf7 25. a5 Ne6 26. Nb6 Nd4 27. b4 Ke6 28. Rf2 Rf4 29. Nd5 Rf8 30. Nb6 h5 31. Rh3 Kf7 32. Rg3 Kg7 33. Rh3 e6 34. Rh1 Rf7 35. Rc1 Rfc7 36. Rxc6 Rxc6 37. Rd2 Kf6 38. Ka3 g5 39. Ka4 Rc1 40. Ra2 gxh4 41. b5 Rb1 42. a6 bxa6 43. Nd7+ Ke7 44. bxa6 Nc6 45. Nf8 Kxf8 46. Rc2 Ra1+ 0-1

[Event "St Joao da Madeira op 10th"]
[Site "Sao Joao da Madeira"]
[Date "2013.10.06"]
[Round "4.1"]
[White "Guimaraes, Rui"]
[Black "Viela, Andre Filipe Folha"]
[Result "1/2-1/2"]
[WhiteElo "2132"]
[BlackElo "2199"]
[PlyCount "89"]
[EventDate "2013.10.05"]
[EventType "swiss"]
[EventRounds "7"]
[EventCountry "POR"]
[SourceTitle "EXT 2015"]
[Source "ChessBase"]
[SourceDate "2014.11.20"]
[SourceVersion "1"]
[SourceVersionDate "2014.11.20"]
[SourceQuality "1"]

1. e4 g6 2. f4 Bg7 3. Nf3 e6 4. c4 c5 5. d4 cxd4 6. Nxd4 a6 7. Be3 Ne7 8. Nc3 d5 9. cxd5 exd5 10. e5 Nbc6 11. Be2 f6 12. exf6 Bxf6 13. 0-0 0-0 14. Rc1 Nxd4 15. Bxd4 b5 16. Bf3 Bb7 17. Bc5 Kg7 18. Bxe7 Qxe7 19. Nxd5 Bxd5 20. Bxd5 Qe3+ 21. Kh1 Rad8 22. Rc2 Rfe8 23. Qf3 Qxf3 24. Bxf3 Rc8 25. Rd2 Red8 26. Re2 Rd6 27. g3 Rcd8 28. Kg2 Rd2 29. Rff2 R2d6 30. Rc2 R6d7 31. Bg4 Re7 32. f5 g5 33. Bf3 Bd4 34. Rfd2 Kf6 35. g4 Re1 36. Rc7 Rg1+ 37. Kh3 Ke5 38. Rxh7 Kf4 39. Be2 Ke3 40. Rc2 Rd6 41. Rg7 Ke4 42. Re7+ Kf4 43. Rh7 Ke3 44. Re7+ Kf4 45. Rh7 1/2-1/2

[Event "St Joao da Madeira op 10th"]
[Site "Sao Joao da Madeira"]
[Date "2013.10.06"]
[Round "3.2"]
[White "Viela, Andre Filipe Folha"]
[Black "Rodrigues, Jose AA"]
[Result "1-0"]
[WhiteElo "2199"]
[BlackElo "2093"]
[PlyCount "71"]
[EventDate "2013.10.05"]
[EventType "swiss"]
[EventRounds "7"]
[EventCountry "POR"]
[SourceTitle "EXT 2015"]
[Source "ChessBase"]
[SourceDate "2014.11.20"]
[SourceVersion "1"]
[SourceVersionDate "2014.11.20"]
[SourceQuality "1"]

1. d4 Nf6 2. Nf3 c5 3. d5 e6 4. c4 exd5 5. cxd5 d6 6. Nc3 g6 7. e4 Bg7 8. Bd3 0-0 9. 0-0 Bg4 10. h3 Bxf3 11. Qxf3 Nh5 12. g4 Nf6 13. Bf4 Qb6 14. Nb5 Rd8 15. a4 c4 16. Bxc4 a6 17. Nxd6 Rxd6 18. e5 Rd8 19. Be3 Qb4 20. exf6 Qxc4 21. Rfc1 Qb3 22. fxg7 Nd7 23. Ra3 Qxb2 24. Bg5 f6 25. Rb3 Qe5 26. Bf4 Qd4 27. Rxb7 Ne5 28. Bxe5 Qxe5 29. Rd1 Rd6 30. Rb3 Rad8 31. Rdd3 Rxd5 32. Rxd5 Qxd5 33. Qxf6 Qd1+ 34. Kg2 a5 35. Rf3 Rf8 36. Qxf8# 1-0

[Event "St Joao da Madeira op 10th"]
[Site "Sao Joao da Madeira"]
[Date "2013.10.05"]
[Round "2.2"]
[White "Andrade, Nuno Filipe"]
[Black "Viela, Andre Filipe Folha"]
[Result "0-1"]
[WhiteElo "1776"]
[BlackElo "2199"]
[PlyCount "110"]
[EventDate "2013.10.05"]
[EventType "swiss"]
[EventRounds "7"]
[EventCountry "POR"]
[SourceTitle "EXT 2015"]
[Source "ChessBase"]
[SourceDate "2014.11.20"]
[SourceVersion "1"]
[SourceVersionDate "2014.11.20"]
[SourceQuality "1"]

1. d4 g6 2. g3 Bg7 3. Bg2 c5 4. e3 Nf6 5. Nf3 0-0 6. 0-0 Qc7 7. b3 b6 8. Bb2 Bb7 9. c4 cxd4 10. exd4 d5 11. Nbd2 dxc4 12. bxc4 e6 13. Rc1 Rd8 14. Qb3 Ne4 15. Nxe4 Bxe4 16. Ne5 Bxg2 17. Kxg2 Nc6 18. Qe3 Nxe5 19. dxe5 Rd7 20. c5 bxc5 21. Rxc5 Qb7+ 22. Qf3 Qxf3+ 23. Kxf3 Rb8 24. Bc3 Bf8 25. Rc4 Rb6 26. Rc1 Kg7 27. Ke3 Ba3 28. Rc2 Rb1 29. Bd4 Rd1 30. R2c3 Bb2 31. Rd3 Bxd4+ 32. Rcxd4 Re1+ 33. Kf3 Rxd4 34. Rxd4 Rxe5 35. Ra4 a5 36. Kf4 Rd5 37. h4 f5 38. Ke3 e5 39. f3 Rc5 40. g4 Kf6 41. f4 fxg4 42. fxe5+ Rxe5+ 43. Kf4 h5 44. Rc4 Rf5+ 45. Ke4 Rf2 46. Ra4 g3 47. Rxa5 g2 48. Rg5 Rxa2 49. Kf3 Rb2 50. Rxg2 Rxg2 51. Kxg2 Ke5 52. Kg3 Ke4 53. Kg2 Kf4 54. Kh3 Kf3 55. Kh2 Kg4 0-1

[Event "St Joao da Madeira op 10th"]
[Site "Sao Joao da Madeira"]
[Date "2013.10.05"]
[Round "1.3"]
[White "Viela, Andre Filipe Folha"]
[Black "Saraiva, Rafael Morais"]
[Result "1-0"]
[WhiteElo "2199"]
[BlackElo "1584"]
[PlyCount "75"]
[EventDate "2013.10.05"]
[EventType "swiss"]
[EventRounds "7"]
[EventCountry "POR"]
[SourceTitle "EXT 2015"]
[Source "ChessBase"]
[SourceDate "2014.11.20"]
[SourceVersion "1"]
[SourceVersionDate "2014.11.20"]
[SourceQuality "1"]

1. d4 Nf6 2. c4 g6 3. Nc3 d5 4. cxd5 Nxd5 5. Bd2 Bg7 6. e4 Nf6 7. Nf3 0-0 8. h3 b6 9. Be3 Bb7 10. Bd3 Nc6 11. Rc1 Nb4 12. Bb1 e6 13. 0-0 h6 14. Qa4 a5 15. Rfd1 Qe7 16. Ne5 c6 17. a3 b5 18. Qb3 Na6 19. Nd3 a4 20. Qc2 Rac8 21. Qd2 Kh7 22. e5 Nd5 23. Ne4 Nxe3 24. Qxe3 Rc7 25. Nd6 Ba8 26. Nc5 Nxc5 27. Rxc5 Rd8 28. Qg3 Rcd7 29. h4 h5 30. Be4 Rxd6 31. exd6 Rxd6 32. Rxh5+ Kg8 33. Rg5 Bf6 34. Rg4 Bxd4 35. Bxg6 Bxf2+ 36. Kxf2 Qf6+ 37. Bf5+ Kh8 38. Rg8# 1-0

[Event "Famalicao op 1st"]
[Site "Famalicao"]
[Date "2013.08.30"]
[Round "9.3"]
[White "Viela, Andre Filipe Folha"]
[Black "Margarido, Ricardo Emanuel Tor"]
[Result "1-0"]
[WhiteElo "2178"]
[BlackElo "1915"]
[PlyCount "83"]
[EventDate "2013.08.26"]
[EventType "swiss"]
[EventRounds "9"]
[EventCountry "POR"]
[SourceTitle "EXT 2015"]
[Source "ChessBase"]
[SourceDate "2014.11.20"]
[SourceVersion "1"]
[SourceVersionDate "2014.11.20"]
[SourceQuality "1"]

1. d4 d5 2. c4 e6 3. Nf3 Nf6 4. g3 Be7 5. Bg2 0-0 6. 0-0 dxc4 7. Nbd2 c5 8. Nxc4 Nc6 9. dxc5 Bxc5 10. Bf4 Nd5 11. Bg5 f6 12. Bd2 Nb6 13. Na5 Nxa5 14. Bxa5 Qe7 15. Nd2 Bb4 16. Bxb4 Qxb4 17. Qc2 Rd8 18. Rfd1 Qe7 19. Nc4 Rxd1+ 20. Rxd1 Qc7 21. Ne3 Qxc2 22. Nxc2 e5 23. Nb4 Be6 24. Bxb7 Rb8 25. Bf3 Na4 26. Nd3 Rb6 27. Rc1 Nxb2 28. Nc5 Kf7 29. Nxe6 Kxe6 30. Rc7 Ra6 31. Rxg7 Rxa2 32. Rxh7 a5 33. Ra7 Kf5 34. Bd5 Ra1+ 35. Kg2 a4 36. h4 Kg6 37. g4 f5 38. Bf7+ Kf6 39. g5+ Kg7 40. h5 a3 41. h6+ Kh8 42. g6 1-0